<?xml version="1.0" encoding="UTF-8"?><?xml-stylesheet type="text/xsl" href="static/style.xsl"?><OAI-PMH xmlns="http://www.openarchives.org/OAI/2.0/" xmlns:xsi="http://www.w3.org/2001/XMLSchema-instance" xsi:schemaLocation="http://www.openarchives.org/OAI/2.0/ http://www.openarchives.org/OAI/2.0/OAI-PMH.xsd"><responseDate>2026-04-13T02:43:07Z</responseDate><request verb="GetRecord" identifier="oai:www.recercat.cat:11351/8173" metadataPrefix="marc">https://recercat.cat/oai/request</request><GetRecord><record><header><identifier>oai:recercat.cat:11351/8173</identifier><datestamp>2025-10-24T10:59:16Z</datestamp><setSpec>com_2072_451665</setSpec><setSpec>com_2072_378040</setSpec><setSpec>col_2072_451666</setSpec></header><metadata><record xmlns="http://www.loc.gov/MARC21/slim" xmlns:dcterms="http://purl.org/dc/terms/" xmlns:xsi="http://www.w3.org/2001/XMLSchema-instance" xmlns:doc="http://www.lyncode.com/xoai" xsi:schemaLocation="http://www.loc.gov/MARC21/slim http://www.loc.gov/standards/marcxml/schema/MARC21slim.xsd">
   <leader>00925njm 22002777a 4500</leader>
   <datafield ind2=" " ind1=" " tag="042">
      <subfield code="a">dc</subfield>
   </datafield>
   <datafield ind2=" " ind1=" " tag="720">
      <subfield code="a">Jesús Gil, Carmen de</subfield>
      <subfield code="e">author</subfield>
   </datafield>
   <datafield ind2=" " ind1=" " tag="720">
      <subfield code="a">García-Jiménez, Irene</subfield>
      <subfield code="e">author</subfield>
   </datafield>
   <datafield ind2=" " ind1=" " tag="720">
      <subfield code="a">Sans De San Nicolàs, Lídia</subfield>
      <subfield code="e">author</subfield>
   </datafield>
   <datafield ind2=" " ind1=" " tag="720">
      <subfield code="a">Figueras, Ignasi</subfield>
      <subfield code="e">author</subfield>
   </datafield>
   <datafield ind2=" " ind1=" " tag="720">
      <subfield code="a">Guilabert, Antonio</subfield>
      <subfield code="e">author</subfield>
   </datafield>
   <datafield ind2=" " ind1=" " tag="720">
      <subfield code="a">Bonfill Ortí, Montserrat</subfield>
      <subfield code="e">author</subfield>
   </datafield>
   <datafield ind2=" " ind1=" " tag="260">
      <subfield code="c">2022-09-13T07:23:21Z</subfield>
   </datafield>
   <datafield ind2=" " ind1=" " tag="260">
      <subfield code="c">2022-09-13T07:23:21Z</subfield>
   </datafield>
   <datafield ind2=" " ind1=" " tag="260">
      <subfield code="c">2022-06-30</subfield>
   </datafield>
   <datafield ind2=" " ind1=" " tag="520">
      <subfield code="a">Atopic dermatitis; Cutaneous lymphocyte antigen; Skin infections</subfield>
   </datafield>
   <datafield ind2=" " ind1=" " tag="520">
      <subfield code="a">Dermatitis atópica; Antígeno cutáneo de linfocitos; Infecciones de la piel</subfield>
   </datafield>
   <datafield ind2=" " ind1=" " tag="520">
      <subfield code="a">Dermatitis atòpica; Antigen limfòcit cutani; Infeccions de la pell</subfield>
   </datafield>
   <datafield ind2=" " ind1=" " tag="520">
      <subfield code="a">Staphylococcus aureus, memory skin-homing cutaneous lymphocyte-associated antigen (CLA)+ T cells and IL-13 constitute relevant play-ers in atopic dermatitis (AD) pathogenesis.1 Since circulating CLA+ T cells reflect cutaneous abnormalities present in human inflammatory skin diseases,2  an  ex  vivo coculture model made of purified circu-lating CLA+/− effector and central memory T cells and autologous lesional epidermal cells was established. We show a CLA-dependent production of IL-13 upon activation with staphylococcal enterotoxin B (SEB) that allows the differentiation of the Th2 high and Th2 low groups,  with  distinct  clinical  correlations  between  both  groups, within a clinically homogeneous population of adult non-treated moderate-to-  severe AD patients.</subfield>
   </datafield>
   <datafield ind1="8" ind2=" " tag="024">
      <subfield code="a">http://hdl.handle.net/11351/8173</subfield>
   </datafield>
   <datafield tag="653" ind2=" " ind1=" ">
      <subfield code="a">Dermatitis atòpica</subfield>
   </datafield>
   <datafield tag="653" ind2=" " ind1=" ">
      <subfield code="a">Estafilococs daurats</subfield>
   </datafield>
   <datafield tag="653" ind2=" " ind1=" ">
      <subfield code="a">Pell - Infeccions</subfield>
   </datafield>
   <datafield tag="653" ind2=" " ind1=" ">
      <subfield code="a">DISEASES::Skin and Connective Tissue Diseases::Skin Diseases::Dermatitis::Skin and Connective Tissue Diseases::Skin Diseases::Skin and Connective Tissue Diseases::Skin Diseases::Dermatitis, Atopic</subfield>
   </datafield>
   <datafield tag="653" ind2=" " ind1=" ">
      <subfield code="a">ORGANISMS::Bacteria::Bacteria::Firmicutes::Bacillales::Staphylococcaceae::Staphylococcus::Bacteria::Bacteria::Staphylococcus aureus</subfield>
   </datafield>
   <datafield tag="653" ind2=" " ind1=" ">
      <subfield code="a">ANATOMY::Cells::Blood Cells::Leukocytes::Leukocytes, Mononuclear::Lymphocytes::T-Lymphocytes</subfield>
   </datafield>
   <datafield tag="653" ind2=" " ind1=" ">
      <subfield code="a">ENFERMEDADES::enfermedades de la piel y tejido conjuntivo::enfermedades de la piel::dermatitis::enfermedades de la piel y tejido conjuntivo::enfermedades de la piel::enfermedades de la piel y tejido conjuntivo::enfermedades de la piel::dermatitis atópica</subfield>
   </datafield>
   <datafield tag="653" ind2=" " ind1=" ">
      <subfield code="a">ORGANISMOS::Bacteria::Bacteria::Firmicutes::Bacillales::Staphylococcaceae::Staphylococcus::Bacteria::Bacteria::Staphylococcus aureus</subfield>
   </datafield>
   <datafield tag="653" ind2=" " ind1=" ">
      <subfield code="a">ANATOMÍA::células::células sanguíneas::leucocitos::leucocitos mononucleares::linfocitos::linfocitos T</subfield>
   </datafield>
   <datafield ind2="0" ind1="0" tag="245">
      <subfield code="a">SEB-induced IL-13 production in CLA+ memory T cells defines Th2 high and Th2 low responders in atopic dermatitis</subfield>
   </datafield>
</record></metadata></record></GetRecord></OAI-PMH>